00383pab a2200133 454500008004000000100002000040245008700060260000900147300001500156362000800171650002100179700001500200773003400215180718b2015 xxu||||| |||| 00| 0 eng d aMukherjee, Riya aThe consciousness of Dalit selfhood: narration of history in Dalit autobiographies c2015 ap.507-520. aOct aBackward classes aJha, Smita aIndian Journal of Social Work